01166nab a22002297a 4500003000400000005001700004008004100021040000700062100003200069245012200101260007200223300001300295500003900308505022700347505008900574650002000663650002400683650001700707650004300724650003600767773013300803OSt20260114005855.0190605e xxu||||| |||| 00| 0 spa d cPJ aGonzález Rossi, Alejandro10aSobre nuevas formas de remunerar y sus consecuencias. Las Restricted Stock Units (RSU) /cAlejandro González Rossi. aCiudad Autónoma de Buenos Aires :bThomson Reuters La Ley,c2024. ap. 47-52 aCita: TR LALEY AR/DOC/2998/2023.  aSumario: I. Introducción. El tema. El salario.— II. El pago con acciones. Las denominadas Stock Options.— III. Las Restricted Stock Units.— IV. Sobre las RSU no devengadas y el derecho a percibirlas. Conclusiones.  t¿Te interesa el texto completo? Solicitalo al correo: koha@justierradelfuego.gov.ar 0aDERECHO LABORAL 0aCONTRATO DE TRABAJO 0aREMUNERACION 0aORGANIZACION INTERNACIONAL DEL TRABAJO 0aCONVENIOS COLECTIVOS DE TRABAJO0 02711dCiudad Autónoma de Buenos Aires : Thomson Reuters La Ley, 1999-2002.tRevista de derecho del trabajo. Nº 1 - Enero 2024